| 000 | 00442nam a2200193Ia 4500 | ||
|---|---|---|---|
| 001 | 115791 | ||
| 003 | YMCAF | ||
| 005 | 20230512162725.0 | ||
| 008 | 120103s2003 ||||||||||||||||| ||und|d | ||
| 024 | _a115791 | ||
| 035 | _a40374 | ||
| 040 |
_aYMCAF _beng _cIN-KoLT |
||
| 041 | _aeng | ||
| 100 | _aKUK | ||
| 245 | 0 |
_aCalendar Vol. 2 _bPt. B ordinances for exams |
|
| 260 |
_aKurukshetra _bKUK _c2003 |
||
| 300 | _a289-616 | ||
| 942 |
_2ddc _cBK |
||
| 999 |
_c12843 _d12843 |
||